| 000 | 00375nam a22001457a 4500 | ||
|---|---|---|---|
| 005 | 20260108095538.0 | ||
| 008 | 260108b |||||||| |||| 00| 0 eng d | ||
| 020 | _a978-0-099-54067-0 | ||
| 100 | _a FORD, MADDOX FORD | ||
| 245 | _aTHE GOOD SOLDIER | ||
| 260 |
_aLONDON _bVINTAGE BOOKS _c2010 |
||
| 300 | _aXX, 239P. | ||
| 650 | _aMARRIED PEOPLE -FICTION | ||
| 942 |
_2lcc _cBK |
||
| 999 |
_c216427 _d216427 |
||